ชีวิตงาม (ระเบียนเลขที่ 4090)
| 000 -LEADER | |
|---|---|
| fixed length control field | 00613nam a22001937a 4500 |
| 005 - DATE AND TIME OF LATEST TRANSACTION | |
| control field | 20210325174443.0 |
| 008 - FIXED-LENGTH DATA ELEMENTS--GENERAL INFORMATION | |
| fixed length control field | s2539 th tha d |
| 041 ## - LANGUAGE CODE | |
| Language code of text/sound track or separate title | tha |
| 050 ## - LIBRARY OF CONGRESS CALL NUMBER | |
| Classification number | BQ4570.L5 จ419ช 2539 |
| 100 0# - MAIN ENTRY--PERSONAL NAME | |
| Personal name | จิตติ นพวงศ์, ม.ล. |
| 245 10 - TITLE STATEMENT | |
| Title | ชีวิตงาม |
| 260 3# - PUBLICATION, DISTRIBUTION, ETC. | |
| Place of publication, distribution, etc. | [กรุงเทพฯ] : |
| Name of publisher, distributor, etc. | ไทยออยส์, |
| Date of publication, distribution, etc. | 2539 |
| 300 ## - PHYSICAL DESCRIPTION | |
| Extent | 120 หน้า ; |
| Other physical details | 21 ซม. |
| 650 04 - SUBJECT ADDED ENTRY--TOPICAL TERM | |
| Topical term or geographic name entry element | ธรรมะกับชีวิตประจำวัน |
| 850 ## - HOLDING INSTITUTION | |
| Holding institution | NALT |
| 942 ## - ADDED ENTRY ELEMENTS (KOHA) | |
| Koha item type | General Book |
| 997 ## - | |
| -- | 000000000004090 |
| 998 ## - LOCAL CONTROL INFORMATION (RLIN) | |
| -- | SOPAPORN |
| Withdrawn status | Lost status | Damaged status | Not for loan | Collection code | Home library | Current library | Total Checkouts | Full call number | Barcode | Date last seen | Copy number | Price effective from | Koha item type | Shelving location | Date acquired |
|---|---|---|---|---|---|---|---|---|---|---|---|---|---|---|---|
| General Book collection | National Assembly Library of Thailand | National Assembly Library of Thailand | BQ 4570.L5 จ419ช 2539 | 3961130739 | 09/06/2017 | ฉ. 2 | 09/06/2017 | General Book | |||||||
| Withdrawn for donation | Withdrawing | General Book collection | National Assembly Library of Thailand | National Assembly Library of Thailand | BQ 4570.L5 จ419ช 2539 | 3961112014 | 09/06/2017 | ฉ. 1 | 09/06/2017 | General Book | Donation box | 12/10/2021 |
